Transition and evolution of China`s financial system

Vývoj čínskeho finančného systému, ktorý je charakterizovaný z hľadiska štyroch fáz. Vznik novej finančnej štruktúry začiatkom 80. rokov. Reštrukturalizácia finančného systému v Číne.

Guardado en:
Detalles Bibliográficos
Autor principal: Slovík, Patrik
Formato: Capítulo de libro
Lenguaje:inglés
Materias:
Etiquetas: Agregar Etiqueta
Sin Etiquetas, Sea el primero en etiquetar este registro!

MARC

LEADER 00000naa$a2200000$$$4500
001 0058087
005 20230918090249.9
041 0 |a eng 
044 |a SK 
245 1 0 |a Transition and evolution of China`s financial system  |c Patrik Slovík 
520 |a Vývoj čínskeho finančného systému, ktorý je charakterizovaný z hľadiska štyroch fáz. Vznik novej finančnej štruktúry začiatkom 80. rokov. Reštrukturalizácia finančného systému v Číne. 
610 2 0 |a Čína 
610 2 0 |a liberalizácia 
610 2 0 |a bankovníctvo 
610 2 0 |a banky 
610 2 0 |a reštrukturalizácia finančná 
100 1 |a Slovík, Patrik